000 00738nam a2200277 i 4500
001 C2-0121907
003 PPAK
005 20180727113420.0
008 970821s1995 my a|||| ||||| | may d
020 _a9838032425
040 _aPPAK
_beng
_cPPAK
_erda
082 0 4 _a634
_223
090 0 0 _a634
_bSIT
_dK
100 0 _aSiti Paujiah,
_eauthor
245 1 0 _aPerhutanan tani
264 1 _aPetaling Jaya, Selangor :
_bSetiamas ,
_c1995
300 _a33 pages :
_bcolour illustrations ;
_c21 cm
336 _2rdacontent
_atext
337 _2rdamedia
_aunmediated
338 _2rdacarrier
_avolume
490 1 _aSiri kajian tempatan
650 1 0 _aTree crops.
700 _eauthor
830 0 _aSiri kajian tempatan
942 _ddc
_cB
999 _c34819
_d34819